ECONOMICS OF BREXIT A COST BENEFIT ANALY (Record no. 32643)

MARC details
000 -LEADER
fixed length control field 00346nam a2200133Ia 4500
008 - FIXED-LENGTH DATA ELEMENTS--GENERAL INFORMATION
fixed length control field 240624s9999 xx 000 0 und d
041 ## - LANGUAGE CODE
Language code of text/sound track or separate title eng
082 ## - DEWEY DECIMAL CLASSIFICATION NUMBER
Classification number 330 WHY
100 ## - MAIN ENTRY--PERSONAL NAME
Personal name WHYMAN PHILIP B
245 ## - TITLE STATEMENT
Title ECONOMICS OF BREXIT A COST BENEFIT ANALY
260 ## - PUBLICATION, DISTRIBUTION, ETC.
Date of publication, distribution, etc. 2017
Place of publication, distribution, etc. United Kingdom
Name of publisher, distributor, etc. Palgrave Macmillan
300 ## - PHYSICAL DESCRIPTION
Extent 384 p.
365 ## - TRADE PRICE
Currency code ERU
Price amount 33
Holdings
Withdrawn status Lost status Damaged status Not for loan Home library Current library Shelving location Date acquired Full call number Barcode Date last seen Copy number Price effective from Koha item type
        IMTN IMTN Rack 7-A 01/07/2022 330 WHY 32643 06/24/2024 88.7 06/24/2024 Books
Designed & Maintained by: LRC IMT Nagpur Contact: lrc@imtnag.ac.in© 2024. All Rights Reserved.